000 00489pab a2200145 454500
008 180718b2014 xxu||||| |||| 00| 0 eng d
100 _aLuzak, J.A.
245 _aTo withdraw or not to withdraw? Evaluation of the mandatory right of withdrawal in consumer distance selling contracts taking into accounts its behavioural effects on consumers
260 _c2014
300 _ap.91-111.
362 _aMar
650 _aConsumers
773 _aJournal of Consumer Policy
909 _a107371
999 _c107366
_d107366